000 01028nam a2200205 i 4500
001 153537
003 ES-MaACL
005 20250719062538.0
008 050711s1890 fr |||| | fre d
110 1 _aFrancia.
_bMinistère de l'Intérieur.
_9134396
245 1 0 _aDocuments relatifs a la Société Générale des Prisons...
_b: année 1890.
260 _aMelun :
_b[s.n.],
_c1890 (
_fImp. Administrative)
300 _a46 p. ;
_c23 cm.
610 2 4 _aSociété Générale des Prisons.
_9167516
852 _aES-MaACL
_jD-69(7)
_cSVI
_9159127
_bR.FOLL.2/6
_dOlim: 193-C-13
_fSello en tinta en portada: "Donativo del Sr. Lastres al Ateneo de Madrid 1907"
_gAnotación manuscrita en cubierta: "Folletos penitenciarios. Tomo 13"
_hDonación: Francisco Lastres y Juiz
_xEncuadernado con otras obras formando un volumen facticio
_xEncuadernación holandesa
903 _aLastres y Juiz, Francisco,
_d1848-1918
_q1
_ednr
_970504
942 _2udc
_cFOLLETOS
999 _c153537
_d153537